MULYAPARAK SHIKSHA KI AAWODHARNA EWAM SHIKSHAKON KA PARIKSHAN (Record no. 8526)

MARC details
000 -LEADER
fixed length control field 00369nam a22001337a 4500
005 - DATE AND TIME OF LATEST TRANSACTION
control field 20240705112829.0
008 - FIXED-LENGTH DATA ELEMENTS--GENERAL INFORMATION
fixed length control field 240705b |||||||| |||| 00| 0 eng d
041 ## - LANGUAGE CODE
Language code of text/sound track or separate title eng
100 ## - MAIN ENTRY--AUTHOR NAME
Personal name PRANNATH PANKAJ
245 ## - TITLE STATEMENT
Title MULYAPARAK SHIKSHA KI AAWODHARNA EWAM SHIKSHAKON KA PARIKSHAN
260 ## - PUBLICATION, DISTRIBUTION, ETC. (IMPRINT)
Place of publication NEW DELHI
Name of publisher SHIKSHA SANSKRITI UTTHAN NYAS
300 ## - PHYSICAL DESCRIPTION
Number of Pages 32;P
942 ## - ADDED ENTRY ELEMENTS (KOHA)
Koha item type Books
Holdings
Lost status Damaged status Home library Current library Shelving location Date acquired Source of acquisition Cost, normal purchase price Accession Number Koha item type
    JRU Library JRU Library SHELF-44-L 05/07/2024 PURCHASE 20.00 28190 Books
    JRU Library JRU Library SHELF-44-L 05/07/2024 PURCHASE 20.00 28191 Books